Evaluation des telecentres communautaires un guide a l'intention des chercheurs /

Bibliographic Details
Main Author: Whyte, Anne.
Corporate Authors: International Development Research Centre (Canada), ProQuest (Firm)
Format: Electronic eBook
Language:French
Published: Ottawa : Centre de recherches pour le developpement international, c2001.
Subjects:
Online Access:Click to View
LEADER 01288nam a2200325Ia 4500
001 EBC295141
003 MiAaPQ
005 20200520144314.0
006 m o d |
007 cr cn|||||||||
008 020115s2001 onc s f000 0 fre d
020 |z 0889369429 
035 |a (MiAaPQ)EBC295141 
035 |a (Au-PeEL)EBL295141 
035 |a (CaPaEBR)ebr10176419 
035 |a (CaONFJC)MIL85007 
035 |a (OCoLC)243559619 
040 |a MiAaPQ  |c MiAaPQ  |d MiAaPQ 
050 4 |a HE8464  |b .W4914 2001 
100 1 |a Whyte, Anne. 
245 1 0 |a Evaluation des telecentres communautaires  |h [electronic resource] :  |b un guide a l'intention des chercheurs /  |c Anne Whyte. 
260 |a Ottawa :  |b Centre de recherches pour le developpement international,  |c c2001. 
300 |a xiii, 128 p. 
533 |a Electronic reproduction. Ann Arbor, MI : ProQuest, 2015. Available via World Wide Web. Access may be limited to ProQuest affiliated libraries. 
650 0 |a Telecommuting centers  |z Developing countries. 
650 0 |a Information services  |z Developing countries. 
655 4 |a Electronic books. 
710 2 |a International Development Research Centre (Canada) 
710 2 |a ProQuest (Firm) 
856 4 0 |u https://ebookcentral.proquest.com/lib/matrademy/detail.action?docID=295141  |z Click to View